| 000 | 01274cam a22003014a 4500 | ||
|---|---|---|---|
| 001 | 12813229 | ||
| 003 | GBCCL | ||
| 005 | 20241126110416.0 | ||
| 008 | 020611s2003 ilub bd 001 0 eng | ||
| 010 | _a 2002009227 | ||
| 020 | _a0830817816 (USA : alk. paper) | ||
| 020 | _a0851119867 (UK : alk. paper) | ||
| 040 |
_aDLC _cDLC _dDLC |
||
| 042 | _apcc | ||
| 050 | 0 | 0 |
_aBS1225.52 _b.D53 2003 |
| 082 | 0 | 0 |
_a222.103 _221 _bDIC |
| 245 | 0 | 0 |
_aDictionary of the Old Testament : _bPentateuch / _ceditors, T. Desmond Alexander, David W. Baker. |
| 260 |
_aDowners Grove, Ill. : _bInterVarsity Press, _cc2003. |
||
| 300 |
_axxii, 954 p. : _bmaps ; _c26 cm. |
||
| 504 | _aIncludes bibliographical references and indexes. | ||
| 505 | 0 | _aHow to use this dictionary -- Abbreviations -- Transliterations -- List of contributors -- Dictionary articles -- Scripture index -- Subject index -- Articles index. | |
| 630 | 0 | 0 |
_aBible. _pPentateuch _vDictionaries. _94255 |
| 700 | 1 |
_aAlexander, T. Desmond. _94256 |
|
| 700 | 1 |
_aBaker, David W. _q(David Weston), _d1950- _91770 |
|
| 906 |
_a7 _bcbc _corignew _d1 _eecip _f20 _gy-gencatlg |
||
| 942 |
_2ddc _cREF |
||
| 999 |
_c2073 _d2073 |
||